000 00391nam a2200133 a 4500
001 000015876
005 20200929164202.0
008 100222s1962 dr r 000 0 spa d
040 _aDO-SdBNP
_bspa
_cBNPHU
082 _axxx
_bE79a
245 0 0 _aEstatutos :
_basociación de industrias de la República Dominicana.
260 _aSanto Domingo :
_bArte y Cine,
_c1962.
300 _a52 p. ;
_c23 cm.
999 _c15418
_d15418